00756 a2200193 45000010006000000050017000060080041000230030015000640400040000790800122001192450047002410200018002882500013003062640030003193000019003495050166003680410008005341000020005424193020260407155710.0260407a1982 arg spa dAR-UNSa-BCEJYS aAR-UNSa-BCEJYSbspacAR-UNSa-BCEJYS a101.1xNaturaleza de la filosofía. La filosofía como ciencia. La filosofía como arte (pensamiento filosófico)10aIntroducción al pensamiento filosófico a84-254-0906-3 a11a. ed. 1aBarcelona :bHerderc1982 a115 p.c18 cm. a1. La ley - 2. La filosofía - 3. El conocimiento - 4. La verdad - 5. El pensamiento - 6. El valor - 7. El hombre - 8. El ser - 9. La sociedad - 10. Lo absoluto aspa1 aBochenski, J.M.